Suhteellisesti muuttovoittoisimmat kunnat 2009-2024 - Statistics

Yleistilastot
  • Tätä visaa on pelattu 70 kertaa
  • Keskiarvotulos 12 / 20
Vastaustilastot
KUNTA MUUTOS% % Oikein
Helsinki 17,3 %
98%
Vantaa 27,1 %
98%
Espoo 31,4 %
96%
Tampere 23,0 %
95%
Turku 17,0 %
95%
Oulu 18,4 %
91%
Jyväskylä 15,1 %
85%
Järvenpää 21,1 %
60%
Kauniainen 19,0 %
55%
Sipoo 26,6 %
55%
Nokia 15,4 %
53%
Lempäälä 23,2 %
51%
Pirkkala 27,4 %
49%
Kaarina 18,8 %
42%
Seinäjoki 16,8 %
42%
Kangasala 15,0 %
36%
Kempele 25,6 %
20%
Jomala 43,9 %
16%
Lemland 19,8 %
15%
Luoto 24,7 %
5%
Ehtoja vastaavia visoja ei löytynyt
Tulosjakauma
Jokaisen tuloksen saaneiden osuus
Persentiili vastausten määrän mukaan
Tuloshistoriasi
Et ole pelannut tätä visaa